La mécanique ondulatoire des systémes de corpuscules

Guardat en:
Dades bibliogràfiques
Autor principal: Broglie, Louis de (Autor)
Format: Llibre
Idioma:francès
Publicat: París Gauthier-Villars 1950
Edició:10a. ed
Col·lecció:Physique Mathematique, 5
Matèries:
Etiquetes: Afegir etiqueta
Sense etiquetes, Sigues el primer a etiquetar aquest registre!

MARC

LEADER 00000nam a2200000 a 4500
001 UCH1242
003 CL-VaPUC
008 090416e19500000FR |||||||||||||||||fre|d
082 0 4 |a 530.124  |b BRO  |2 21 
100 0 |a Broglie, Louis de  |e author  |9 535648 
245 1 3 |a La mécanique ondulatoire des systémes de corpuscules 
250 |a 10a. ed 
300 |a 223 p 
942 |c BK 
945 |d 20090416 00:00:00  |a rbrito 
260 |a París  |b Gauthier-Villars  |c 1950 
650 7 |a MECANICA ONDULATORIA  |2 CL-VaPUC  |9 270490 
583 |a last modification  |c 20090416 00:00:00  |k Rodrigo Vera 
490 0 |a Physique Mathematique, 5 
999 |c 333302  |d 333300 
952 |0 0  |1 0  |4 0  |6 530_124000000000000_BRO_1950  |7 0  |8 A  |9 421630  |a BIBCUR  |b BIBCUR  |d 2019-11-22  |i 4529073  |o 530.124 BRO 1950  |p 4529073  |r 2025-04-22  |w 2019-11-22  |y BK  |k FIS